00582nam a2200241Ia 450000500170000000800460001702000180006303700100008104000080009104000080009904000080010704100080011504100080012308400080013110000180013924500690015724500160022626000230024226000090026536500050027436500080027985600530028720260324145130.0008 260324s9999 xx 000 0 eng d a9781315886541 aEBOOK aCRL beng cCRL 2eng aeng qCRL aRobert Ashton 4aThe Evolution of Behavioral Accounting Research (RLE Accounting) 3bAn Overview bTaylor and Francis c1984 a b180 uhttp://www.taylorfrancis.com/books/9781315886541